The child and the adolescent in society: report on a WHO Conference, Athens, 26 - 30 September 1978
| Corporate Author: | |
|---|---|
| Format: | Print Book |
| Language: | English |
| Published: |
Copenhagen
WHO, Regional Office for Europe
1979
|
| In: |
EURO reports and studies (3)
Year: 1979 |
| Availability in Tübingen: | Present in Tübingen. UB: KB 2 E 399 |
| Check availability: | HBZ Gateway |
| Subito Delivery Service: | Order now. |
| Keywords: |
MARC
| LEADER | 00000cam a2200000 c 4500 | ||
|---|---|---|---|
| 001 | 058732489 | ||
| 003 | DE-627 | ||
| 005 | 20251219214746.0 | ||
| 007 | tu | ||
| 008 | 980212s1979 dk ||||| 00| ||eng c | ||
| 020 | |a 9290201428 |9 92-9020-142-8 | ||
| 035 | |a (DE-627)058732489 | ||
| 035 | |a (DE-576)007368712 | ||
| 035 | |a (DE-599)GBV058732489 | ||
| 035 | |a (OCoLC)9919039 | ||
| 035 | |a (OCoLC)310773270 | ||
| 040 | |a DE-627 |b ger |c DE-627 |e rakwb | ||
| 041 | |a eng | ||
| 044 | |c XA-DK | ||
| 082 | 0 | |a 305.2/3 |q OCLC | |
| 245 | 0 | 4 | |a The child and the adolescent in society |b report on a WHO Conference, Athens, 26 - 30 September 1978 |
| 264 | 1 | |a Copenhagen |b WHO, Regional Office for Europe |c 1979 | |
| 300 | |a 60 S. | ||
| 336 | |a Text |b txt |2 rdacontent | ||
| 337 | |a ohne Hilfsmittel zu benutzen |b n |2 rdamedia | ||
| 338 | |a Band |b nc |2 rdacarrier | ||
| 490 | 1 | |a EURO reports and studies |v 3 | |
| 583 | 1 | |a Archivierung prüfen |c 20200919 |f DE-640 |z 3 |2 pdager | |
| 583 | 1 | |a Archivierung prüfen |c 20240324 |f DE-4165 |z 1 |2 pdager | |
| 655 | 7 | |a Konferenzschrift |0 (DE-588)1071861417 |0 (DE-627)826484824 |0 (DE-576)433375485 |2 gnd-content | |
| 710 | 2 | |a Weltgesundheitsorganisation |b Regionalbüro für Europa |0 (DE-588)1007858-7 |0 (DE-627)103111735 |0 (DE-576)191174599 |4 oth | |
| 830 | 0 | |a EURO reports and studies |v 3 |9 3 |w (DE-627)13053210X |w (DE-576)007368720 |w (DE-600)774418-3 |x 0250-8710 |7 am | |
| 935 | |i Blocktest | ||
| 951 | |a BO | ||
| ELC | |b 1 | ||
| LOK | |0 000 xxxxxcx a22 zn 4500 | ||
| LOK | |0 001 314527807X | ||
| LOK | |0 003 DE-627 | ||
| LOK | |0 004 058732489 | ||
| LOK | |0 005 20020606000000 | ||
| LOK | |0 008 911204||||||||||||||||ger||||||| | ||
| LOK | |0 040 |a DE-21 |c DE-627 |d DE-21 | ||
| LOK | |0 852 |a DE-21 | ||
| LOK | |0 852 1 |c KB 2 E 399 |9 00 | ||
| LOK | |0 935 |a krim | ||
| LOK | |0 936ln |a k7.3.2.2 | ||
| LOK | |0 939 |a 04-12-91 |b l01 | ||
| ORI | |a SA-MARC-krimdoka001.raw | ||
| SIG | |a UB: KB 2 E 399 | ||
